000 00329nam a2200145Ia 4500
005 20251222144703.0
008 251222s9999||||xx |||||||||||||| ||spa||
020 _a92-1-300101-0
082 _a025.49/V63
100 _aViet, Jean
245 0 _aMacrothesaurus:
250 _a3a.ed.
264 _bNaciones Unidas
942 _cLIB
999 _c17515
_d17515